Day #81: Countries 8100 km away from Ireland - Statistics

General Stats
  • This quiz has been taken 15 times
  • The average score is 16 of 20
Answer Stats
Answer % Correct
China
100%
India
100%
Russia
100%
Bangladesh
92%
Brazil
92%
Tanzania
92%
United States of America
92%
Angola
83%
Malawi
83%
Zambia
83%
Democratic Republic of the Congo
75%
Mexico
75%
Namibia
75%
Belize
67%
Bhutan
67%
Colombia
67%
Honduras
67%
Nicaragua
67%
Panama
67%
Guatemala
58%
No matching quizzes found
Score Distribution
Percent of People with Each Score
Percentile by Number Answered
Your Score History
You have not taken this quiz